Techno-Economic Assessment and Design Optimization of Offshore Wind Energy in Gwadar, Pakistan: A Strategic Transition from Onshore Limitation to Offshore Viability / (Record no. 615587)

000 -LEADER
fixed length control field 00578nam a22001577a 4500
082 ## - DEWEY DECIMAL CLASSIFICATION NUMBER
Classification number 621.11
Author Mark USM
100 ## - MAIN ENTRY--PERSONAL NAME
Personal name Usman, Muhammad (401245)
245 ## - TITLE STATEMENT
Title Techno-Economic Assessment and Design Optimization of Offshore Wind Energy in Gwadar, Pakistan: A Strategic Transition from Onshore Limitation to Offshore Viability /
264 ## - PRODUCTION, PUBLICATION, DISTRIBUTION, MANUFACTURE, AND COPYRIGHT NOTICE
Place of production, publication, distribution, manufacture Islamabad :
Name of producer, publisher, distributor, manufacturer USPCAS-E, NUST
Date of production, publication, distribution, manufacture, or copyright notice October, 2025
300 ## - PHYSICAL DESCRIPTION
Extent xiv, 57 p.
Accompanying material +CD
520 ## - SUMMARY, ETC.
Summary, etc. TH-694
650 ## - SUBJECT ADDED ENTRY--TOPICAL TERM
Topical term or geographic name entry element MS ESE Thesis
650 ## - SUBJECT ADDED ENTRY--TOPICAL TERM
Topical term or geographic name entry element MS Thesis
700 ## - ADDED ENTRY--PERSONAL NAME
Personal name Supervisor: Dr. Abeera Ayaz Ansari
942 ## - ADDED ENTRY ELEMENTS (KOHA)
Source of classification or shelving scheme
Koha item type Thesis
Holdings
Withdrawn status Permanent Location Current Location Date acquired Full call number Barcode Koha item type
  US-Pakistan Center for Advanced Studies in Energy (USPCAS-E) US-Pakistan Center for Advanced Studies in Energy (USPCAS-E) 12/17/2025 621.11 USM CAS-ETH0000694 Thesis
© 2023 Central Library, National University of Sciences and Technology. All Rights Reserved.